Bytová budova

Saved in:
Bibliographic Details
Main Author: Púll, Hugo (Author)
Other Authors: Hraška, Jozef (Thesis advisor)
Format: Manuscript Book
Language:Slovak
Published: 2023
Subjects:
Online Access:http://is.stuba.sk/zp/portal_zp.pl?podrobnosti=156011
https://opac.crzp.sk/?fn=detailBiblioForm&sid=D51643D01657CDEC2D90B5F06848
Tags: Add Tag
No Tags, Be the first to tag this record!

MARC

LEADER 00000ntm a22000003a 4500
001 stuzp93892
003 SK-STU
005 20230921085127.4
007 ta
008 150427s2015----xo-----f-mn---000-0-slo-d
040 |a STU  |b slo 
041 0 |a slo 
100 1 |a Púll, Hugo  |u 010180  |4 aut  |U SvF Stavebná fakulta  |T SvF Katedra konštrukcií pozemných stavieb  |X 103927  |U V180  |Y 18  |7 103927 
242 0 1 |a Dwelling house  |y eng 
245 1 0 |a Bytová budova 
260 |c 2023 
650 4 |a bytový dom  |2 slo 
650 4 |a realizačný projekt  |2 slo 
650 4 |a bytová jednotka  |2 slo 
650 4 |a implementation project  |2 eng 
650 4 |a apartment building  |2 eng 
650 4 |a apartment unit  |2 eng 
700 1 |a Hraška, Jozef  |4 ths  |X 899  |7 A000000899 
856 4 |u http://is.stuba.sk/zp/portal_zp.pl?podrobnosti=156011 
856 4 |u https://opac.crzp.sk/?fn=detailBiblioForm&sid=D51643D01657CDEC2D90B5F06848